Carbon sequestration: Direct rubber biomass measurement and visual wood weight (Record no. 48233)

MARC details
000 -LEADER
fixed length control field 00498nam a2200133Ia 4500
100 ## - MAIN ENTRY--AUTHOR NAME
Personal name Chantuma A
245 #0 - TITLE STATEMENT
Title Carbon sequestration: Direct rubber biomass measurement and visual wood weight
260 ## - PUBLICATION, DISTRIBUTION, ETC. (IMPRINT)
Name of publisher In: IRRDB Conference: NR Industry: Responding to Globalization 7-8 September 2004, Kunming International Convention & Exhibition Center, China
Year of publication 2004
700 ## - ADDED ENTRY--PERSONAL NAME
Personal name Chantuma P
700 ## - ADDED ENTRY--PERSONAL NAME
Personal name Kesawapitak P
700 ## - ADDED ENTRY--PERSONAL NAME
Personal name Konksilp J
942 ## - ADDED ENTRY ELEMENTS (KOHA)
Koha item type Bibliography RLWO
Holdings
Withdrawn status Lost status Damaged status Not for loan Home library Current library Date acquired Koha item type
      Bibliography RRII Library RRII Library 31/12/2021 Bibliography RLWO